| 000 | 00532nam a22001937a 4500 | ||
|---|---|---|---|
| 003 | KOHA_MİRAKIL | ||
| 005 | 20251119112428.0 | ||
| 008 | 251119b tu ||||| |||| 00| 0 tur d | ||
| 020 | _a9786055283612 | ||
| 040 |
_aTR-AnABB _btur _cTR-AnABB |
||
| 041 | _atur | ||
| 082 |
_a813.42 _b TOK 2015 |
||
| 100 | 1 | _aTok, Vedat Ali, | |
| 245 | 1 | 0 |
_aGevher sultan / _cVedat Ali Tok |
| 260 |
_aİstanbul : _bAkıl Fikir Yayınları, _c2015 |
||
| 300 |
_a139 sayfa ; _c21 cm |
||
| 650 | 0 | 4 | _aTürk edebiyatı, roman |
| 942 |
_2ddc _cBK |
||
| 999 |
_c9525 _d9525 |
||
| 900 | _bGizem YORULMAZ | ||